000
00232nam a22001217a 4500
022
_a
978-81-7582-132-3
082
_a
425
_b
BOO/P
245
_a
PHONICS
260
_a
INDIA
300
_a
82
650
_a
VOCABULARY
_z
INDIA
942
_c
BK
999
_c
4008
_d
4008